| 000 | 00615nam a22001817a 4500 | ||
|---|---|---|---|
| 008 | 171116b xxu||||| |||| 00| 0 eng d | ||
| 020 | _a978996611455 | ||
| 020 | _a9966882057 | ||
| 050 | _a AFR PR 9381.9 .O36R5 2017 | ||
| 100 | _aOgola, Margaret A. | ||
| 245 |
_aThe river and the source / _cMargaret A. Ogola. |
||
| 260 |
_aNairobi : _bFocus Publishers, _c2017. |
||
| 300 |
_a308p. ; _c18cm. |
||
| 504 | _aInclude Bibliographic ref. | ||
| 650 |
_aKenyan woman _xNovel |
||
| 650 |
_aAfrican Literature _zKenya |
||
| 942 |
_2lcc _cAFRICANA _h AFR PR 9381.9 .O36R5 2017 _015 |
||
| 999 |
_c29175 _d29175 |
||